[Event "XI Paracin Festival 2018"]
[Site "Paracin"]
[Date "2018.07.10"]
[Round "5"]
[White "Bojicic, Andjela"]
[Black "Djordjevic, Vuk"]
[Result "0-1"]
[WhiteElo "2028"]
[BlackElo "2403"]
[Annotator "ChessBase"]
[PlyCount "186"]
[EventDate "2018.07.06"]
[EventType "swiss"]
[EventCountry "SRB"]
[SourceTitle "playchess.com"]
[Source "ChessBase"]
[SourceQuality "1"]
[TimeControl "5400+30"]

1. d4 {[%emt 0:00:00]} Nf6 {[%emt 0:00:00]} 2. c4 {[%emt 0:00:00]} e6 {[%emt 0:00:00]} 3. Nc3 {[%emt 0:00:00]} Bb4 {[%emt 0:00:00]} 4. Nf3 {[%emt 0:00:00]} O-O {[%emt 0:00:14]} 5. Bg5 {[%emt 0:00:31]} d5 {[%emt 0:01:39]} 6. cxd5 {[%emt 0:00:56]} exd5 {[%emt 0:02:28]} 7. e3 {[%emt 0:00:22]} c5 {[%emt 0:10:36]} 8. dxc5 {[%emt 0:01:45]} Nbd7 {[%emt 0:06:11]} 9. Bxf6 {[%emt 0:19:09]} Nxf6 {[%emt 0:05:42]} 10. Bd3 {[%emt 0:08:19]} Bg4 {[%emt 0:03:55]} 11. O-O {[%emt 0:02:57]} Bxc3 {[%emt 0:05:01]} 12. bxc3 {[%emt 0:00:04]} Qa5 {[%emt 0:02:22]} 13. Be2 {[%emt 0:05:45]} Qxc5 {[%emt 0:07:59]} 14. Rb1 {[%emt 0:06:56]} b6 {[%emt 0:01:58]} 15. Qd4 {[%emt 0:08:37]} Rac8 {[%emt 0:07:30]} 16. Rfc1 {[%emt 0:02:58]} Qe7 {[%emt 0:09:54]} 17. c4 {[%emt 0:07:52]} Qa3 {[%emt 0:02:34]} 18. Ra1 {[%emt 0:05:17]} Rc5 {[%emt 0:04:08]} 19. Re1 {[%emt 0:02:01]} Bxf3 {[%emt 0:01:27]} 20. gxf3 {[%emt 0:00:04]} Rfc8 {[%emt 0:04:22]} 21. cxd5 {[%emt 0:00:18]} Rxd5 {[%emt 0:00:09]} 22. Qf4 {[%emt 0:01:54]} h6 {[%emt 0:03:56]} 23. Bc4 {[%emt 0:08:32]} Rg5+ {[%emt 0:04:46]} 24. Kh1 {[%emt 0:00:29]} b5 {[%emt 0:01:47]} 25. Bb3 {[%emt 0:01:17]} Qb2 {[%emt 0:01:03]} 26. Rf1 {[%emt 0:00:21]} a5 {[%emt 0:04:10]} 27. Rab1 {[%emt 0:00:15]} Qe5 {[%emt 0:02:10]} 28. Qxe5 {[%emt 0:01:42]} Rxe5 {[%emt 0:00:04]} 29. Bd1 {[%emt 0:01:38]} Rc3 {[%emt 0:01:51]} 30. Be2 {[%emt 0:01:29]} b4 {[%emt 0:00:13]} 31. Bd1 {[%emt 0:01:31]} Kf8 {[%emt 0:02:49]} 32. Bb3 {[%emt 0:01:02]} Ke7 {[%emt 0:02:26]} 33. Rfd1 {[%emt 0:00:21]} Rec5 {[%emt 0:00:51]} 34. Kg2 {[%emt 0:02:15]} Rc7 {[%emt 0:00:31]} 35. Kf1 {[%emt 0:00:29]} Ra7 {[%emt 0:00:27]} 36. Rdc1 {[%emt 0:01:07]} Rxc1+ {[%emt 0:00:45]} 37. Rxc1 {[%emt 0:00:01]} a4 {[%emt 0:01:13]} 38. Bc4 {[%emt 0:01:50]} Rc7 {[%emt 0:00:44]} 39. Ke2 {[%emt 0:00:35]} b3 {[%emt 0:00:59]} 40. axb3 {[%emt 0:00:24]} axb3 {[%emt 0:00:01]} 41. Kd3 {[%emt 0:00:23]} Nd7 {[%emt 0:00:24]} 42. Kc3 {[%emt 0:06:23]} Ne5 {[%emt 0:00:29]} 43. Kxb3 {[%emt 0:00:09]} Nxf3 {[%emt 0:00:35]} 44. Rd1 {[%emt 0:00:38]} Ng5 {[%emt 0:00:57]} 45. Rd4 {[%emt 0:01:56]} Nf3 {[%emt 0:00:33]} 46. Rd1 {[%emt 0:00:02]} g6 {[%emt 0:00:30]} 47. Be2 {[%emt 0:00:58]} Ng5 {[%emt 0:00:03]} 48. Rd4 {[%emt 0:01:33]} Ne6 {[%emt 0:00:29]} 49. Rc4 {[%emt 0:00:25]} Ra7 {[%emt 0:00:01]} 50. Rc1 {[%emt 0:00:41]} Ng5 {[%emt 0:00:46]} 51. Kc2 {[%emt 0:00:41]} Ne4 {[%emt 0:00:49]} 52. f3 {[%emt 0:00:25]} Nd6 {[%emt 0:00:21]} 53. Kd2 {[%emt 0:00:30]} Ra5 {[%emt 0:00:15]} 54. Ke1 {[%emt 0:00:31]} Rh5 {[%emt 0:00:36]} 55. Rc7+ {[%emt 0:00:35]} Kd8 {[%emt 0:00:54]} 56. Ra7 {[%emt 0:00:10]} Rxh2 {[%emt 0:00:42]} 57. e4 {[%emt 0:00:23]} f6 {[%emt 0:00:02]} 58. Kf1 {[%emt 0:00:43]} g5 {[%emt 0:01:01]} 59. Bd3 {[%emt 0:00:31]} Rd2 {[%emt 0:00:17]} 60. Be2 {[%emt 0:00:04]} h5 {[%emt 0:00:44]} 61. Kf2 {[%emt 0:00:49]} Ke8 {[%emt 0:00:32]} 62. Ke3 {[%emt 0:00:26]} Rb2 {[%emt 0:00:22]} 63. Rh7 {[%emt 0:00:54]} h4 {[%emt 0:00:12]} 64. Rh6 {[%emt 0:00:29]} Kf7 {[%emt 0:00:22]} 65. Rh8 {[%emt 0:00:33]} Kg7 {[%emt 0:00:40]} 66. Rd8 {[%emt 0:00:25]} Nf7 {[%emt 0:00:28]} 67. Rd2 {[%emt 0:00:28]} Rb3+ {[%emt 0:00:45]} 68. Kf2 {[%emt 0:00:02]} Ne5 {[%emt 0:00:10]} 69. Ra2 {[%emt 0:00:08]} Rb7 {[%emt 0:00:30]} 70. Kg2 {[%emt 0:00:19]} Rc7 {[%emt 0:00:46]} 71. Kf2 {[%emt 0:00:16]} Ng6 {[%emt 0:00:12]} 72. Kg2 {[%emt 0:00:22]} Nf4+ {[%emt 0:00:05]} 73. Kf2 {[%emt 0:00:04]} Kg6 {[%emt 0:00:36]} 74. Bb5 {[%emt 0:00:09]} Kf7 {[%emt 0:00:39]} 75. Rd2 {[%emt 0:00:23]} Ke7 {[%emt 0:00:21]} 76. Be2 {[%emt 0:00:57]} Rc5 {[%emt 0:00:48]} 77. Ra2 {[%emt 0:00:20]} Ke6 {[%emt 0:00:28]} 78. Rd2 {[%emt 0:00:08]} Ke5 {[%emt 0:00:11]} 79. Ra2 {[%emt 0:00:17]} Nh5 {[%emt 0:00:43]} 80. Rb2 {[%emt 0:01:36]} Kf4 {[%emt 0:01:11]} 81. Rb5 {[%emt 0:01:12]} Re5 {[%emt 0:00:29]} 82. Rb6 {[%emt 0:00:17]} Rc5 {[%emt 0:00:32]} 83. Rb5 {[%emt 0:00:27]} Re5 {[%emt 0:00:01]} 84. Rb6 {[%emt 0:00:05]} Ra5 {[%emt 0:00:36]} 85. Rb5 {[%emt 0:01:04]} Rxb5 {[%emt 0:00:01]} 86. Bxb5 {[%emt 0:00:05]} Ke5 {[%emt 0:00:41]} 87. Bd7 {[%emt 0:00:25]} Ng7 {[%emt 0:00:47]} 88. Ke3 {[%emt 0:00:53]} Ne6 {[%emt 0:00:04]} 89. Kf2 {[%emt 0:00:11]} Nc5 {[%emt 0:00:13]} 90. Bf5 {[%emt 0:00:15]} Kf4 {[%emt 0:00:15]} 91. Kg2 {[%emt 0:01:05]} Nd3 {[%emt 0:00:25]} 92. Bg4 {[%emt 0:00:15]} Ke3 {[%emt 0:00:20]} 93. Kf1 {[%emt 0:00:33]} Ne5 {[%emt 0:00:06]} 0-1

[Event "XI Paracin Festival 2018"]
[Site "Paracin"]
[Date "2018.07.10"]
[Round "6"]
[White "Perunovic, Milos"]
[Black "Kathmale, Sameer"]
[Result "1-0"]
[WhiteElo "2596"]
[BlackElo "2323"]
[Annotator "ChessBase"]
[PlyCount "57"]
[EventDate "2018.07.06"]
[EventType "swiss"]
[EventCountry "SRB"]
[SourceTitle "playchess.com"]
[Source "ChessBase"]
[SourceQuality "1"]
[TimeControl "5400+30"]

1. e4 {[%emt 0:00:00]} c6 {[%emt 0:00:48]} 2. d4 {[%emt 0:00:03]} d5 {[%emt 0:00:19]} 3. e5 {[%emt 0:00:18]} Bf5 {[%emt 0:00:08]} 4. h4 {[%emt 0:02:19]} h5 {[%emt 0:00:13]} 5. c4 {[%emt 0:00:24]} e6 {[%emt 0:00:28]} 6. Nc3 {[%emt 0:00:20]} Ne7 {[%emt 0:00:10]} 7. Nge2 {[%emt 0:06:15]} Nd7 {[%emt 0:02:24]} 8. Ng3 {[%emt 0:01:20]} Bg6 {[%emt 0:00:02]} 9. cxd5 {[%emt 0:02:05]} Nxd5 {[%emt 0:00:48]} 10. Be2 {[%emt 0:04:46]} Qa5 {[%emt 0:12:11]} 11. Bd2 {[%emt 0:02:54]} Qb6 {[%emt 0:03:06]} 12. Nxd5 {[%emt 0:08:12]} cxd5 {[%emt 0:02:43]} 13. Bc3 {[%emt 0:02:15]} Be7 {[%emt 0:05:44]} 14. a4 {[%emt 0:10:17]} a5 {[%emt 0:04:29]} 15. Nxh5 {[%emt 0:02:32]} Bxh5 {[%emt 0:05:37]} 16. Bxh5 {[%emt 0:00:13]} g6 {[%emt 0:00:19]} 17. Be2 {[%emt 0:00:11]} Rxh4 {[%emt 0:00:52]} 18. Rxh4 {[%emt 0:00:25]} Bxh4 {[%emt 0:00:03]} 19. Bb5 {[%emt 0:00:28]} Qd8 {[%emt 0:09:01]} 20. Qf3 {[%emt 0:06:30]} Be7 {[%emt 0:12:58]} 21. Ke2 {[%emt 0:01:51]} Bf8 {[%emt 0:01:32]} 22. Rh1 {[%emt 0:02:09]} Bg7 {[%emt 0:03:23]} 23. Bd2 {[%emt 0:04:59]} Qe7 {[%emt 0:08:05]} 24. Rh7 {[%emt 0:02:35]} Qf8 {[%emt 0:01:09]} 25. Bh6 {[%emt 0:08:18]} Bxh6 {[%emt 0:01:13]} 26. Bxd7+ {[%emt 0:00:05]} Kd8 {[%emt 0:04:41]} 27. Rxf7 {[%emt 0:01:23]} Qb4 {[%emt 0:00:21]} 28. Qf6+ {[%emt 0:00:17]} Kc7 {[%emt 0:00:02]} 29. Bc6+ {[%emt 0:00:53]} 1-0

[Event "XI Paracin Festival 2018"]
[Site "Paracin"]
[Date "2018.07.10"]
[Round "6"]
[White "Shyam, Sundar M"]
[Black "Wadsworth, Matthew J"]
[Result "1/2-1/2"]
[WhiteElo "2527"]
[BlackElo "2377"]
[Annotator "TA"]
[PlyCount "89"]
[EventDate "2018.07.06"]
[EventType "swiss"]
[EventCountry "SRB"]
[SourceTitle "playchess.com"]
[Source "ChessBase"]
[SourceQuality "1"]

{[%evp 34,89,40,41,31,18,24,14,24,0,4,-12,-12,-35,-30,-30,-30,-30,-30,-35,-27,-40,-18,-56,-56,-64,0,-52,-33,-61,-9,-58,0,0,-4,-20,0,-53,0,0,0,0,0,0,0,-16,0,0,0,0,0,0,0,0,0,0,0,0]} 1. e4 c5 2. Nc3 e6 3. Nge2 Nc6 4. d4 cxd4 5. Nxd4 Qc7 6. g3 a6 7. Bg2 Nf6 8. O-O Nxd4 9. Qxd4 Bc5 10. Bf4 d6 11. Qd2 h6 12. Rad1 e5 13. Be3 Be6 {B47: Sicilian: Taimanov: 5 Nc3 Qc7 6 f4, 6 g3 and 6 Be2} 14. Bxc5 dxc5 15. Nd5 Bxd5 16. exd5 Qd6 (16... O-O 17. d6 Qb6 18. c4 Rad8 19. Rfe1 Rfe8 20. Bh3 Nh7 21. f4 {1-0 (60) Vidit,S (2715)-Van Foreest,J (2629) Riadh 2017}) 17. Rfe1 O-O 18. c4 {LiveBook: 4 Games} Nd7 19. Re2 f5 20. Rde1 {[#]} Rae8 $146 ({Predecessor:} 20... b5 21. b3 bxc4 22. bxc4 {½-½ (75) Gomez Garrido,C (2522)-Macieja,B (2524) Mexico City 2017}) 21. f4 e4 22. Bf1 h5 23. h4 b5 24. Re3 Rb8 25. Rc1 Rb6 26. Be2 g6 27. Rec3 Rfb8 28. Rb3 Qf6 29. Rd1 Qd6 (29... b4 $15) 30. Kg2 (30. Rc1 $11) 30... Kf7 31. Rc1 Ke7 ({Black should play} 31... Qf6 $15) 32. Qe3 bxc4 ({Black should try} 32... Qf6 $15) 33. Bxc4 $11 Qf6 34. Rc2 a5 {[%cal Ba6a5,Ba5a4][%mdl 32]} 35. d6+ (35. Rxb6 $11 Rxb6 36. Qe2) 35... Kf8 (35... Qxd6 $15 36. Rd2 Rxb3 37. axb3 Qf6) 36. Qd2 {The position is equal.} a4 37. Rxb6 Rxb6 38. Qa5 Rxd6 39. Bb5 Qd4 40. Qd8+ Kg7 41. Qe7+ Kh6 42. Qg5+ Kg7 {[#] aiming for ...Rf6.} 43. Qe7+ Kh6 44. Qg5+ Kg7 {Strongly threatening ...Rf6.} 45. Qe7+ {Precision: White = 31%, Black = 43%.} 1/2-1/2

[Event "XI Paracin Festival 2018"]
[Site "Paracin"]
[Date "2018.07.10"]
[Round "6"]
[White "Atalik, Suat"]
[Black "Raja Rithvik R"]
[Result "1/2-1/2"]
[WhiteElo "2509"]
[BlackElo "2343"]
[Annotator "ChessBase"]
[PlyCount "42"]
[EventDate "2018.07.06"]
[EventType "swiss"]
[EventCountry "SRB"]
[SourceTitle "playchess.com"]
[Source "ChessBase"]
[SourceQuality "1"]
[TimeControl "5400+30"]

1. d4 {[%emt 0:00:00]} d5 {[%emt 0:00:00]} 2. c4 {[%emt 0:00:00]} e6 {[%emt 0:00:00]} 3. Nf3 {[%emt 0:01:06]} a6 {[%emt 0:00:03]} 4. e3 {[%emt 0:00:39]} Nf6 {[%emt 0:00:10]} 5. Nc3 {[%emt 0:00:48]} b6 {[%emt 0:00:07]} 6. Qa4+ {[%emt 0:04:26]} c6 {[%emt 0:00:27]} 7. Qc2 {[%emt 0:00:49]} Bb7 {[%emt 0:06:28]} 8. a3 {[%emt 0:07:31]} Nbd7 {[%emt 0:02:38]} 9. cxd5 {[%emt 0:04:13]} cxd5 {[%emt 0:00:47]} 10. Bd3 {[%emt 0:00:06]} Bd6 {[%emt 0:00:36]} 11. O-O {[%emt 0:00:39]} O-O {[%emt 0:00:24]} 12. Bd2 {[%emt 0:04:08]} h6 {[%emt 0:00:26]} 13. Rac1 {[%emt 0:01:08]} Rc8 {[%emt 0:00:39]} 14. Qb1 {[%emt 0:00:35]} Qe7 {[%emt 0:00:36]} 15. Ne2 {[%emt 0:02:47]} b5 {[%emt 0:01:13]} 16. Ba5 {[%emt 0:00:51]} Ne4 {[%emt 0:03:53]} 17. Rxc8 {[%emt 0:01:29]} Rxc8 {[%emt 0:00:08]} 18. Rc1 {[%emt 0:00:42]} Qe8 {[%emt 0:01:11]} 19. Rxc8 {[%emt 0:04:36]} Qxc8 {[%emt 0:00:07]} 20. Qc2 {[%emt 0:00:22]} Qxc2 {[%emt 0:00:59]} 21. Bxc2 {[%emt 0:00:04]} Kf8 {[%emt 0:00:30]} 1/2-1/2

[Event "XI Paracin Festival 2018"]
[Site "Paracin"]
[Date "2018.07.10"]
[Round "6"]
[White "Lorparizangeneh, Shahin"]
[Black "Ikeda, Junta"]
[Result "1-0"]
[WhiteElo "2493"]
[BlackElo "2437"]
[Annotator "ChessBase"]
[PlyCount "77"]
[EventDate "2018.07.06"]
[EventType "swiss"]
[EventCountry "SRB"]
[SourceTitle "playchess.com"]
[Source "ChessBase"]
[SourceQuality "1"]
[TimeControl "5400+30"]

1. d4 {[%emt 0:02:23]} f5 {[%emt 0:00:00]} 2. Bg5 {[%emt 0:00:21]} h6 {[%emt 0:00:00]} 3. Bh4 {[%emt 0:00:05]} g5 {[%emt 0:00:00]} 4. e3 {[%emt 0:00:09]} Nf6 {[%emt 0:00:00]} 5. Bg3 {[%emt 0:00:03]} d6 {[%emt 0:00:00]} 6. h4 {[%emt 0:00:10]} Rg8 {[%emt 0:00:13]} 7. hxg5 {[%emt 0:00:11]} hxg5 {[%emt 0:00:05]} 8. Nc3 {[%emt 0:00:26]} e6 {[%emt 0:00:16]} 9. Qd2 {[%emt 0:01:52]} Qe7 {[%emt 0:02:48]} 10. O-O-O {[%emt 0:01:33]} Nc6 {[%emt 0:00:41]} 11. f3 {[%emt 0:01:05]} Bd7 {[%emt 0:03:05]} 12. e4 {[%emt 0:00:48]} fxe4 {[%emt 0:03:29]} 13. fxe4 {[%emt 0:04:41]} O-O-O {[%emt 0:00:59]} 14. d5 {[%emt 0:23:55]} exd5 {[%emt 0:05:06]} 15. exd5 {[%emt 0:00:17]} Ne5 {[%emt 0:00:14]} 16. Qd4 {[%emt 0:03:21]} Kb8 {[%emt 0:01:59]} 17. Nb5 {[%emt 0:10:01]} Bxb5 {[%emt 0:06:55]} 18. Bxb5 {[%emt 0:00:12]} Bg7 {[%emt 0:05:46]} 19. Nh3 {[%emt 0:08:03]} Nfd7 {[%emt 0:35:33]} 20. Kb1 {[%emt 0:09:26]} a6 {[%emt 0:05:29]} 21. Be2 {[%emt 0:01:25]} Nf3 {[%emt 0:05:44]} 22. Qf2 {[%emt 0:03:00]} Nd4 {[%emt 0:06:12]} 23. Bg4 {[%emt 0:05:10]} Rdf8 {[%emt 0:08:06]} 24. Qe1 {[%emt 0:04:18]} Qd8 {[%emt 0:00:55]} 25. Bf2 {[%emt 0:03:06]} Nf5 {[%emt 0:02:43]} 26. Rf1 {[%emt 0:00:39]} Re8 {[%emt 0:04:09]} 27. Qd2 {[%emt 0:01:58]} Qf6 {[%emt 0:02:07]} 28. c3 {[%emt 0:00:26]} Rgf8 {[%emt 0:00:49]} 29. Bd4 {[%emt 0:01:19]} Nxd4 {[%emt 0:00:30]} 30. Rxf6 {[%emt 0:00:15]} Nxf6 {[%emt 0:00:15]} 31. Qxg5 {[%emt 0:02:08]} Nxg4 {[%emt 0:00:20]} 32. Qxg7 {[%emt 0:00:48]} Nf5 {[%emt 0:00:57]} 33. Qxg4 {[%emt 0:00:16]} Ne3 {[%emt 0:00:04]} 34. Qe2 {[%emt 0:00:20]} Nxd1 {[%emt 0:00:28]} 35. Qxd1 {[%emt 0:00:02]} Re3 {[%emt 0:00:57]} 36. a4 {[%emt 0:01:38]} Rfe8 {[%emt 0:00:23]} 37. Ka2 {[%emt 0:00:25]} Re2 {[%emt 0:00:16]} 38. Nf4 {[%emt 0:00:28]} Rf2 {[%emt 0:00:15]} 39. Qd4 {[%emt 0:00:21]} 1-0

[Event "XI Paracin Festival 2018"]
[Site "Paracin"]
[Date "2018.07.10"]
[Round "6"]
[White "Asadli, Vugar"]
[Black "Peng, Shunkai"]
[Result "1-0"]
[WhiteElo "2478"]
[BlackElo "2390"]
[Annotator "TA"]
[PlyCount "107"]
[EventDate "2018.07.06"]
[EventType "swiss"]
[EventCountry "SRB"]
[SourceTitle "playchess.com"]
[Source "ChessBase"]
[SourceQuality "1"]

{[%evp 21,107,0,0,0,0,0,0,0,32,25,33,31,27,26,39,36,44,42,45,25,23,23,27,25,23,15,47,23,23,23,95,102,105,57,65,35,35,35,35,35,35,35,35,35,36,12,27,26,45,56,83,70,99,45,45,55,37,37,37,37,81,81,202,190,255,255,211,157,356,344,325,315,12834,12835,12835,12836,12836,12837,12837,2266,29994,29995,29995,29996,29996,29997,29998,29999]} 1. Nf3 d5 2. g3 Nf6 3. Bg2 e6 4. O-O Be7 5. d3 O-O 6. Nbd2 Nc6 7. e4 dxe4 8. dxe4 e5 9. Qe2 Bc5 {A07: Réti Opening: New York and Capablanca Systems} 10. c3 a5 11. Nc4 Qe7 {LiveBook: 3 Games. The position is equal.} 12. Nh4 Bg4 13. Qc2 Qe6 {[#]} 14. b3 $146 ({Predecessor:} 14. Ne3 Bh3 15. Re1 Bxg2 16. Kxg2 Rfd8 17. h3 {½-½ (57) Lagarde,M (2575)-Le Goff,R (2321) Sables d'Olonne 2016}) 14... Bh3 (14... b5 $5 {[%cal Rb5c4]} 15. Be3 Be7 $11) 15. a4 Rad8 16. Bg5 Bxg2 17. Kxg2 h6 18. Bxf6 Qxf6 19. Rad1 Qe6 20. Qe2 g6 21. Nf3 b6 22. h4 h5 23. Ng5 Qc8 24. Rxd8 Rxd8 25. Qf3 Qd7 (25... Rf8 $1 $11 {remains equal.}) 26. Qf6 $16 Bd6 27. Ne3 Qe8 28. Nd5 Ne7 29. Re1 Nxd5 30. exd5 {Black must now prevent Nxf7!} Qe7 31. Qf3 Re8 32. Qd3 Qd7 33. Re3 Bc5 34. Re2 c6 35. Ne4 Be7 36. d6 $36 {[%mdl 2048] White is more active.} f5 $1 {[#]} 37. Qc4+ (37. Ng5 $1 $16 {Qc4+ is the strong threat.} Bf6 38. Re1) 37... Kg7 $14 38. dxe7 fxe4 39. Rxe4 Rxe7 {[%mdl 4096] Endgame KQR-KQR} 40. Qe2 Kf6 41. Qe3 Qc7 (41... Qe6 $16 {was called for.}) 42. Qg5+ $18 (42. Qh6 Re8 $16) 42... Kf7 {[#]} (42... Kg7 $142 43. f4 Re8) 43. g4 $1 hxg4 44. h5 ({Weaker is} 44. Qxg4 Qd6 $14) 44... gxh5 $2 (44... Re6 $16) 45. Qxh5+ Kg8 46. Qg6+ ({Not} 46. Rxg4+ Rg7 $11) 46... Rg7 $2 (46... Kf8 47. Qf6+ (47. Rxg4 Rg7 $16) 47... Kg8) 47. Qe8+ Kh7 48. Qh5+ Kg8 49. Rxe5 {[%cal Re5e8]} Rf7 50. Re8+ (50. Qg6+ $142 Kf8 51. Qh6+ Rg7 52. Qh8+ Rg8 53. Rf5+ Qf7 54. Rxf7+ Kxf7 55. Qd4) 50... Kg7 51. Qg5+ {White mates.} Kh7 52. Qg8+ Kh6 53. Re6+ Kh5 54. Qg6+ {Precision: White = 76%, Black = 40%.} 1-0

[Event "XI Paracin Festival 2018"]
[Site "Paracin"]
[Date "2018.07.10"]
[Round "6"]
[White "Fernandez, Daniel Howard"]
[Black "Cerovic, Danilo"]
[Result "1/2-1/2"]
[WhiteElo "2477"]
[BlackElo "2294"]
[Annotator "TA"]
[PlyCount "61"]
[EventDate "2018.07.06"]
[EventType "swiss"]
[EventCountry "SRB"]
[SourceTitle "playchess.com"]
[Source "ChessBase"]
[SourceQuality "1"]

{[%evp 9,61,-23,10,-2,-12,-42,-46,-35,-15,-53,-55,-51,-54,-46,-41,-100,-91,-97,-102,-98,-85,-86,-65,-60,-59,-75,-68,-76,-69,-73,-80,-60,-29,-29,-35,-31,-39,-39,-25,-28,-16,-39,-29,-28,-20,-11,0,0,0,0,0,0,0,0]} 1. f4 d5 2. Nf3 g6 3. e3 Bg7 4. c4 e6 (4... Nf6 5. Nc3 c6 6. d4 O-O 7. cxd5 cxd5 8. Bd3 Nc6 9. Ne5 Bf5 10. O-O Bxd3 11. Qxd3 e6 12. Bd2 Qd6 13. Rfc1 Rfc8 14. Be1 {1-0 (54) Fernandez,D (2485)-Kotronias,V (2511) Budapest 2018}) 5. Nc3 c5 $146 ({Vorgänger:} 5... Nf6 6. d4 O-O 7. b4 a5 8. b5 dxc4 9. Bxc4 c5 10. bxc6 bxc6 11. Ba3 Re8 12. Na4 Nbd7 13. O-O Nd5 14. Qe2 {1-0 (78) Panic,N (2371)-Stojanovic,Z (2255) Paracin 2010}) 6. cxd5 {A03: Bird-Eröffnung} exd5 7. d4 cxd4 8. exd4 {Schwarz steht etwas besser.} Ne7 {[%cal Bg8e7,Be7f5,Bf5d6][%mdl 32]} 9. Bb5+ Nbc6 10. O-O Bg4 11. Be3 O-O {...Sf5 ist eine echte Drohung.} 12. Qd3 (12. Be2 $15) 12... Bxf3 $17 13. Rxf3 Nf5 {[%cal Rc6d4]} 14. Bxc6 bxc6 15. Bf2 Nd6 16. Rc1 Re8 17. Re3 Rxe3 18. Bxe3 Nc4 19. b3 Nxe3 20. Qxe3 c5 21. Ne2 cxd4 22. Nxd4 Qb6 23. Rd1 Rc8 24. h3 Bf6 25. Kh2 Kf8 26. Rd3 Re8 27. Qd2 {Die Stellung ist ausgeglichen.} Bxd4 28. Rxd4 Re2 $1 {[%cal Re2d2]} 29. Qd3 Rxa2 30. Rxd5 {und nun wäre Dc3 stark für Weiss.} Qf6 31. Qd4 {Precision: Weiß = 69%, Schwarz = 63%.} 1/2-1/2

[Event "XI Paracin Festival 2018"]
[Site "Paracin"]
[Date "2018.07.10"]
[Round "6"]
[White "Harsha Bharathakoti"]
[Black "Popovic, Milan S"]
[Result "1/2-1/2"]
[WhiteElo "2465"]
[BlackElo "2264"]
[Annotator "TA"]
[PlyCount "73"]
[EventDate "2018.07.06"]
[EventType "swiss"]
[EventCountry "SRB"]
[SourceTitle "playchess.com"]
[Source "ChessBase"]
[SourceQuality "1"]

{[%evp 27,73,0,17,21,33,19,58,10,9,18,21,0,0,0,17,22,29,18,5,0,94,88,102,99,179,178,169,174,148,137,212,205,180,0,62,14,20,14,15,15,15,8,8,8,8,8,8,0]} 1. d4 Nf6 2. c4 g6 3. Nc3 Bg7 4. e4 O-O 5. h3 c6 6. Nf3 d5 7. e5 Ne4 8. Bd3 Nxc3 9. bxc3 dxc4 10. Bxc4 c5 11. O-O Nc6 {[%cal Bb8c6,Bc6a5,Ba5b3][%mdl 32] E70: King's Indian: Miscellaneous lines with 4 e4, including 5 Nge2 and 5 Bd3 0-0 6 Nge2} 12. a4 (12. Ba3 cxd4 13. cxd4 Na5 14. Bd3 Be6 15. Be4 Nc4 16. Bb4 a5 17. Bc5 Rc8 18. Bxb7 Rc7 19. Be4 {½-½ (60) Li,C (2669)-Mamedov,R (2679) Ningbo 2011}) 12... cxd4 13. cxd4 Bf5 14. Re1 Rc8 {LiveBook: 3 Games} 15. Ba3 Na5 16. Ba2 Bc2 17. Qd2 Nb3 18. Bxb3 $1 Bxb3 19. Qb4 Bd5 $146 20. Qxe7 Bxf3 21. gxf3 Qxd4 22. Rad1 $36 {[%mdl 2048] White has the initiative.} Qf4 $1 {[%cal Rf4f3]} 23. Qxb7 Rfe8 (23... Bxe5 $11 {remains equal.} 24. Rxe5 (24. Bxf8 {gets mated.} Qh2+ 25. Kf1 Rc2 26. Qxf7+ Kxf7 27. Rd7+ Kg8 28. Rg7+ Bxg7 29. Bxg7 Rxf2#) 24... Qxe5 25. Bxf8 Rxf8) 24. e6 $1 $16 fxe6 {[#]} 25. Rxe6 $1 {[%mdl 512]} Be5 (25... Qg5+ $16 26. Kf1 Qf5 27. Rxe8+ Rxe8) (25... Rxe6 26. Qxc8+) 26. Rxe8+ $18 Rxe8 27. Qd7 $1 {[%cal Rd7e8]} Rb8 28. Kf1 {Hoping for Qe6+.} Qc4+ {[#]} (28... Kh8 $16 {is a better defense.}) 29. Kg2 $1 Qf4 {[#]} 30. Kf1 (30. Qe6+ $1 $18 Kh8 31. Kf1) 30... Qc4+ $14 31. Qd3 (31. Rd3 {is interesting.} Bf6 32. Kg2 Rd8 33. Qxd8+ Bxd8 34. Rxd8+ Kf7 35. Rd7+) 31... Qxd3+ {The position is equal.} 32. Rxd3 $11 {KRB-KRB} Rb1+ 33. Kg2 {next Rd8+ is good for White.} Ra1 34. Bc5 {Threatening Re3.} Rxa4 35. Rd8+ Kf7 36. Rd7+ Ke6 37. Rxa7 {Precision: White = 53%, Black = 56%.} 1/2-1/2

[Event "XI Paracin Festival 2018"]
[Site "Paracin"]
[Date "2018.07.10"]
[Round "6"]
[White "Petrov, Martin"]
[Black "Kadric, Denis"]
[Result "1/2-1/2"]
[WhiteElo "2441"]
[BlackElo "2522"]
[Annotator "ChessBase"]
[PlyCount "51"]
[EventDate "2018.07.06"]
[EventType "swiss"]
[EventCountry "SRB"]
[SourceTitle "playchess.com"]
[Source "ChessBase"]
[SourceQuality "1"]
[TimeControl "5400+30"]

1. e4 {[%emt 0:00:00]} Nc6 {[%emt 0:00:00]} 2. Nc3 {[%emt 0:00:38]} Nf6 {[%emt 0:00:00]} 3. d4 {[%emt 0:01:33]} d6 {[%emt 0:00:00]} 4. f3 {[%emt 0:00:47]} e5 {[%emt 0:00:03]} 5. Nge2 {[%emt 0:00:38]} exd4 {[%emt 0:00:05]} 6. Nxd4 {[%emt 0:00:06]} Be7 {[%emt 0:00:01]} 7. Bb5 {[%emt 0:13:22]} Bd7 {[%emt 0:00:03]} 8. O-O {[%emt 0:02:23]} O-O {[%emt 0:00:07]} 9. Nxc6 {[%emt 0:07:32]} bxc6 {[%emt 0:00:27]} 10. Bc4 {[%emt 0:00:03]} Qb8 {[%emt 0:05:04]} 11. Kh1 {[%emt 0:01:39]} a5 {[%emt 0:02:33]} 12. a4 {[%emt 0:01:21]} Bc8 {[%emt 0:04:27]} 13. Ne2 {[%emt 0:10:21]} Nd7 {[%emt 0:13:10]} 14. Nd4 {[%emt 0:00:19]} Qb7 {[%emt 0:00:50]} 15. Nf5 {[%emt 0:09:28]} Bf6 {[%emt 0:00:03]} 16. g4 {[%emt 0:00:18]} Nb6 {[%emt 0:10:14]} 17. Bd3 {[%emt 0:04:59]} Bxf5 {[%emt 0:03:10]} 18. gxf5 {[%emt 0:00:52]} c5 {[%emt 0:01:01]} 19. c4 {[%emt 0:01:34]} Nd7 {[%emt 0:02:35]} 20. Rb1 {[%emt 0:01:50]} Ne5 {[%emt 0:04:46]} 21. Rg1 {[%emt 0:04:05]} Ra6 {[%emt 0:04:01]} 22. b3 {[%emt 0:07:13]} Rb6 {[%emt 0:00:35]} 23. Bb2 {[%emt 0:02:33]} Rb8 {[%emt 0:05:34]} 24. Bc2 {[%emt 0:00:45]} Kf8 {[%emt 0:02:40]} 25. Bxe5 {[%emt 0:05:23]} Bxe5 {[%emt 0:05:48]} 26. Qe1 {[%emt 0:00:56]} 1/2-1/2